Statistics for British Music Band Members

Click here to take the quiz!

General Stats

  • This quiz has been taken 1,264 times
    (1,124 since last reset)
  • The average score is 12 of 22

Answer Stats

Band Member % Correct
The BeatlesJohn Lennon
94%
The BeatlesRingo Starr
89%
The BeatlesPaul McCartney
86%
The BeatlesGeorge Harrison
83%
The Rolling StonesMick Jagger
81%
One DirectionHarry Styles
79%
ColdplayChris Martin
70%
One DirectionZayn Malik
66%
Take ThatGary Barlow
65%
Take ThatRobbie Williams
64%
One DirectionNiall Horan
61%
One DirectionLiam Payne
60%
One DirectionLouis Tomlinson
59%
The Rolling StonesKeith Richards
55%
Take ThatJason Orange
45%
The Rolling StonesRonnie Wood
39%
Take ThatMark Owen
35%
The Rolling StonesCharlie Watts
29%
Take ThatHoward Donald
20%
ColdplayWill Champion
11%
ColdplayGuy Berryman
11%
ColdplayJonny Buckland
8%

Score Distribution

Percentile by Number Answered

Percent of People with Each Score

Your Score History

You have not taken this quiz since the last reset